Gestión de proyectos con enfoque PMI : (Registro nro. 6373)

Detalles MARC
000 -LEADER
fixed length control field 01437nam a2200289Ia 4500
003 - CONTROL NUMBER IDENTIFIER
control field OSt
005 - DATE AND TIME OF LATEST TRANSACTION
control field 20201210175650.0
008 - FIXED-LENGTH DATA ELEMENTS--GENERAL INFORMATION
fixed length control field 191128s2012 ck ad gr 000 0 spa d
020 ## - INTERNATIONAL STANDARD BOOK NUMBER
International Standard Book Number 9789586487924
040 ## - CATALOGING SOURCE
Original cataloging agency CO-JMCR
Transcribing agency CO-JMCR
041 0# - LANGUAGE CODE
Language code of text/sound track or separate title spa
082 24 - DEWEY DECIMAL CLASSIFICATION NUMBER
Classification number 658.404 /
Item number T686g
Edition number 23
100 1# - MAIN ENTRY--PERSONAL NAME
Personal name Toro López, Francisco J.,
Relator term autor
9 (RLIN) 12537
245 10 - TITLE STATEMENT
Title Gestión de proyectos con enfoque PMI :
Remainder of title project y Excel /
Statement of responsibility, etc. Francisco J.Toro López
250 ## - EDITION STATEMENT
Edition statement Segunda edición
260 ## - PUBLICATION, DISTRIBUTION, ETC.
Place of publication, distribution, etc. Bogotá :
Name of publisher, distributor, etc. Ecoe,
Date of publication, distribution, etc. 2012
300 ## - PHYSICAL DESCRIPTION
Extent xviii, 327 páginas :
Other physical details gráficos a blanco y negro ;
Dimensions 24 cm.
490 0# - SERIES STATEMENT
Series statement Ciencias administrativas. Administración
500 ## - GENERAL NOTE
General note Incluye datos biográficos del autor en solapa.
504 ## - BIBLIOGRAPHY, ETC. NOTE
Bibliography, etc. note Bibliografía: página 327
505 0# - FORMATTED CONTENTS NOTE
Formatted contents note Consideraciones generales sobre proyectos -- Planeación de proyectos -- La administración y el control de proyectos -- Técnicas de intercambio de información y de colaboración -- Microsoft project en ambientes corporativos
520 0# - SUMMARY, ETC.
Summary, etc. La intención de esta obra es facilitar el manejo de proyectos de muy diversa complejidad en todas las fases de su planeción, asignación y análisis de los recursos necesarios, sus costos y cargas de trabajo y la ejecución de las tareas en aras de cumplir
650 24 - SUBJECT ADDED ENTRY--TOPICAL TERM
Topical term or geographic name entry element Administración de proyectos
9 (RLIN) 12200
650 24 - SUBJECT ADDED ENTRY--TOPICAL TERM
Topical term or geographic name entry element Programas para computador
9 (RLIN) 12540
650 24 - SUBJECT ADDED ENTRY--TOPICAL TERM
Topical term or geographic name entry element Control de proyectos
9 (RLIN) 12515
942 ## - ADDED ENTRY ELEMENTS (KOHA)
Source of classification or shelving scheme Dewey Decimal Classification
Koha item type Books
Existencias
Withdrawn status Lost status Source of classification or shelving scheme Materials specified (bound volume or other part) Damaged status Not for loan Home library Current library Shelving location Date acquired Source of acquisition Total Checkouts Full call number Barcode Date last seen Date last checked out Copy number Price effective from Koha item type
    Dewey Decimal Classification Donación--15/04/2018--     Biblioteca Pública José María del Castillo y Rada Biblioteca Pública José María del Castillo y Rada General Stacks 11/28/2019 Donación 1 658.404 / T686g 430013251 05/16/2024 01/27/2020 Ej.1 11/28/2019 Books